When Kingdoms Clash (Record no. 17852)

MARC details
000 -LEADER
fixed length control field 00612nam a2200241 a 4500
020 ## - INTERNATIONAL STANDARD BOOK NUMBER
ISBN 0836118
082 00 - DEWEY DECIMAL CLASSIFICATION NUMBER
Classification number 261.8
Author Cutter SHE1
100 ## - MAIN ENTRY--AUTHOR NAME
Author name Shenk, Calvin E
245 ## - TITLE STATEMENT
Title When Kingdoms Clash
Sub title the Christian and Ideologies
260 ## - PUBLICATION, DISTRIBUTION, ETC. (IMPRINT)
Place of publication Ontario
Name of publisher Herald Press
Year of publication 1982
300 ## - PHYSICAL DESCRIPTION
Number of Pages 104p
500 ## - GENERAL NOTE
General note includes index and biblioraphy
505 2# - FORMATTED CONTENTS NOTE
Formatted contents note Word List
650 ## - SUBJECT ADDED ENTRY--TOPICAL TERM
Topical Term Theology-Social
942 ## - ADDED ENTRY ELEMENTS (KOHA)
Koha item type Books
700 1# -
-- Shenk, Calvin E
Holdings
Collection code Home library Current library Date acquired Cost, normal purchase price Full call number Accession Number Koha item type
  Henry Martyn Institute Library Henry Martyn Institute Library 07/10/2007 100.00 261.8 SHE1 11001508 Books
                   Copyright © 2026 | Henry Martyn Institute | Hyderabad | TS-500052 | INDIA | Implemented by hmi.edu.in
Hit-Count:

Powered by Koha